000 00765nam a2200241Ia 4500
003 OSt
005 20220927110410.0
006 a|||||r|||| 00| 0
007 ta
008 220926b |||||||| |||| 00| 0 eng d
024 _a18092
037 _cReports
040 _aRTL
_cRTL
_beng
041 _2eng
_aeng
082 _a"Y:5.1.N9s, N7/UN"
110 _a"United Nations, Economic and Social Information (Deptt of-)"
_9377671
245 0 _aHandbook for producing National Statistical Report in women and men
260 _aNew
_bYork UN
_c1997
300 _a315p
_ccm.
700 _a"United Nations, Economic and Social Information (Deptt of-)"
_9377672
942 _h"Y:5.1.N9s, N7/UN"
_cCC
999 _c696373
_d696373